| 000 | 00416nam a22001697a 4500 | ||
|---|---|---|---|
| 003 | NUST - PNEC | ||
| 005 | 20170116180943.0 | ||
| 008 | 150907b xxu||||| |||| 00| 0 eng d | ||
| 020 | _a0713133066 | ||
| 040 | _cLIBRARY | ||
| 082 | _a621.380436 ARN | ||
| 100 |
_98855 _aConnor, Frank Robert |
||
| 245 |
_aNoise _cFrank Robert Connor |
||
| 260 | _c- | ||
| 650 |
_98864 _aTelecommunication _xMScom |
||
| 942 |
_2ddc _cBK |
||
| 999 |
_c66232 _d66232 |
||